000 00275nam a22001337a 4500
008 170220b xxu||||| |||| 00| 0 eng d
020 _a9780071548632
041 _aeng
080 _a615
100 _a5
101 _aSHF
245 _aDRUG HANBOOK
_cDWYER
942 _2udc
_cBK
999 _c5817
_d5817